000 01030cam a2200385 4500
001 ABS66224
008 030106n2002 000 0 eng u
035 _a(Sirsi) u120911
245 _aRegional survey: Sussex and Surrey including London boroughs south
260 _c2002
490 _aProperty Week
_v67(45) 22 November 2002, 55-78(11)
590 _aABS
650 _aSUSSEX
650 _aSURREY
650 _aLONDON BOROUGHS SOUTH
650 _aINDUSTRIAL MARKET
650 _aPROPERTY-COMMERCIAL PROPERTY-OFFICE PROPERTY-OFFICE PROPERTY MARKET
650 _aRESIDENTIAL MARKET
650 _aGUILDFORD
650 _aFARNHAM
650 _aCAMBERLEY
650 _aLEATHERHEAD
650 _aWEYBRIDGE
650 _aCROYDON
650 _aCHESSINGTON
650 _aWOKING
650 _aBRIGHTON
650 _aWORTHING
650 _aEASTBOURNE
650 _aLANCING
650 _aHOVE
650 _aSHOREHAM
690 _aPROPERTY-COMMERCIAL PROPERTY-COMMERCIAL PROPERTY MARKET
942 _n0
999 _c71870
_d71870